Mont Blanc Express : Toutes les gares de la ligne - Statistiques

Statistiques générales
  • Ce quiz a été pris 27 fois
  • Le résultat moyen est 23 sur 29
Statistiques - réponses
Réponse % Correct
Martigny
100%
Vallorcine
100%
Chamonix - Mont Blanc
96%
Argentière
91%
Les Houches
91%
Les Tines
87%
Saint-Gervais les Bains - Le Fayet
87%
Servoz
87%
Le Châtelard
83%
Les Bossons
83%
Les Moussoux
83%
Les Pelerins
83%
Taconnaz
83%
Chamonix - Aiguille du Midi
78%
Chedde
78%
Finhaut
78%
La Joux
78%
Le Buet
78%
Les Praz de Chamonix
78%
Le Châtelard Frontière
74%
Les Marécottes
74%
Montroc le Planet
74%
Vaudagne
74%
Viaduc Sainte-Marie
74%
Le Trétien
70%
Salvan
70%
La Médettaz
65%
Les Fumeaux
65%
Vernayaz (Mont-Blanc Express)
65%
Aucun quiz correspondant
Distribution des résultats
% des personnes avec chaque résultat
Percentile par nombre de réponses
Votre historique - résultats
Vous n’avez pas pris ce quiz